[Event "Gran Canaria-ch U10 Girls"]
[Site "Gran Canaria"]
[Date "2013.03.09"]
[Round "4.4"]
[White "Nuez Vostokov, Maria"]
[Black "Cazorla Champi, Jennifer"]
[Result "1-0"]
[WhiteElo "1200"]
[BlackElo "1200"]
[PlyCount "109"]
[EventDate "2013.03.08"]
[EventType "swiss"]
[EventRounds "7"]
[EventCountry "ESP"]
[SourceTitle "EXT 2024"]
[Source "ChessBase"]
[SourceDate "2023.10.10"]
[SourceVersion "1"]
[SourceVersionDate "2023.10.10"]
[SourceQuality "1"]

1. e4 e5 2. Nf3 Nc6 3. Bc4 Bc5 4. c3 d6 5. Bb3 Bg4 6. d3 Nf6 7. 0-0 0-0 8. Re1 a5 9. Nbd2 a4 10. Bxa4 b5 11. Bxb5 Na7 12. Qb3 Be6 13. Nc4 c6 14. Ba4 Nc8 15. Qc2 Ne7 16. Be3 Ba7 17. Bxa7 Rxa7 18. Ne3 Ra8 19. Ng5 h6 20. Nxe6 Qe8 21. Nxf8 Qxf8 22. Qb3 Rb8 23. Qa3 Ra8 24. Nc4 Ng6 25. Nxd6 Rd8 26. Nb7 Rb8 27. Bxc6 Ra8 28. Qxf8+ Rxf8 29. Bd5 Ne7 30. Nc5 Nexd5 31. exd5 Nxd5 32. Rxe5 Nc7 33. Nd7 Rd8 34. Nc5 Rb8 35. Re7 Nd5 36. Rb7 Re8 37. c4 Nf6 38. Ne4 Ng4 39. b4 Rd8 40. c5 Rxd3 41. c6 Rd8 42. c7 Rc8 43. Nd6 Rf8 44. c8Q Rxc8 45. Nxc8 Kh7 46. b5 f5 47. b6 f4 48. Ra7 Kg6 49. b7 Kh5 50. b8Q Nf6 51. Qe5+ Kg4 52. f3+ Kh4 53. g3+ Kh3 54. Qf5+ Ng4 55. Qxg4# 1-0

[Event "Gran Canaria-ch U10 Girls"]
[Site "Gran Canaria"]
[Date "2013.03.08"]
[Round "1.3"]
[White "Cazorla Champi, Jennifer"]
[Black "Serrano Delgado, Laura"]
[Result "0-1"]
[WhiteElo "1200"]
[BlackElo "1229"]
[PlyCount "110"]
[EventDate "2013.03.08"]
[EventType "swiss"]
[EventRounds "7"]
[EventCountry "ESP"]
[SourceTitle "EXT 2024"]
[Source "ChessBase"]
[SourceDate "2023.10.10"]
[SourceVersion "1"]
[SourceVersionDate "2023.10.10"]
[SourceQuality "1"]

1. d4 Nc6 2. Nf3 d5 3. Nc3 Nf6 4. Bf4 Bf5 5. e3 e6 6. Bb5 Bb4 7. 0-0 0-0 8. a3 Bxc3 9. bxc3 a6 10. Ba4 b5 11. Bb3 Na5 12. Ba2 Nc4 13. Bxc4 bxc4 14. Rb1 Rb8 15. a4 Rxb1 16. Qxb1 Qd7 17. Qb4 Bxc2 18. a5 Bd3 19. Qb7 Bxf1 20. Kxf1 c6 21. Bc7 Rc8 22. Qa7 Qxc7 23. Qxa6 Rb8 24. g3 Ne4 25. Nh4 Nd2+ 26. Ke2 Ne4 27. f3 Nxc3+ 28. Kf2 Rb2+ 29. Kg1 h6 30. Qa8+ Rb8 31. Qa6 Ne2+ 32. Kg2 Qb7 33. Qxb7 Rxb7 34. a6 Ra7 35. Kf2 Rxa6 36. Kxe2 Ra2+ 37. Kd1 c3 38. Kc1 c2 39. g4 g5 40. Ng2 f5 41. Ne1 Ra1+ 42. Kxc2 Rxe1 43. h3 Rxe3 44. Kd2 Rxf3 45. Ke2 Rxh3 46. Kf2 Ra3 47. Ke2 f4 48. Kf2 f3 49. Kf1 Ra2 50. Ke1 f2+ 51. Kf1 c5 52. Kg2 c4 53. Kf3 f1Q+ 54. Kg3 Qf4+ 55. Kh3 Rh2# 0-1